000 00394pab a2200145 454500
008 180718b2015 xxu||||| |||| 00| 0 eng d
100 _aGough, Ian
245 _aClimate change and sustainable welfare: the centrality of human needs
260 _c2015
300 _ap.1191-1214.
362 _aSep
650 _aClimatic change
773 _aCambridge Journal of Economics
909 _a109264
999 _c109259
_d109259